000 00443nam a22001697a 4500
999 _c525112
_d525112
003 NUST
038 _awaseem
082 _a891.423
_bSYE
100 _aSyed, Najam Hussain
_915330
245 _aSeedhaan /
_c Najam Hussain Syed
260 _aLahore :
_bSucheet Kitaab Ghar,
_c2007.
300 _a118 p. ;
500 _aPapercover.
880 _6100-01\r
_a نجم حسین سید
880 _6245-02\r
_a سیدھاں /
942 _2ddc
_cBK